[Event "DVM U14 2016"]
[Site "Düsseldorf GER"]
[Date "2016.12.28"]
[Round "3"]
[White "Post, Hugo"]
[Black "Astner, Sebastian"]
[Result "1-0"]
[Termination "normal"]
[Board "3.2"]
[WhiteElo "1862"]
[BlackElo "1804"]
[WhiteTeam "Reideburger SV 90 Halle"]
[BlackTeam "FC Ergolding"]
[PlyCount "73"]
[WhiteFideId "12962490"]
[BlackFideId "12979422"]
[EventCountry "GER"]
[EventRounds "7"]
[EventType "team-swiss"]
[EventDate "2016.12.26"]

1. e4 e5 2. Nf3 Nc6 3. Bc4 Bc5 4. c3 Nf6 5. d3 d5 6. exd5 Nxd5 7. h3 O-O 8. O-O
Nb6 9. Bb5 Bd6 10. Re1 f6 11. Nbd2 Ne7 12. Nc4 Be6 13. Nxb6 axb6 14. d4 Ng6 15.
Bd3 Rxa2 16. Rxa2 Bxa2 17. b3 exd4 18. Nxd4 Qd7 19. Bf5 Qd8 20. Ne6 Bh2+ 21.
Kxh2 Qxd1 22. Rxd1 Bxb3 23. Nxf8 Bxd1 24. Nxg6 hxg6 25. Bxg6 Kf8 26. Ba3+ Kg8
27. Kg3 Bb3 28. Kf4 Bf7 29. Bxf7+ Kxf7 30. h4 c5 31. c4 Ke6 32. h5 b5 33. cxb5
c4 34. Ke4 f5+ 35. Kd4 c3 36. Kxc3 Kf6 37. Kc4 1-0

[Event "DVM U14 2016"]
[Site "Düsseldorf GER"]
[Date "2016.12.28"]
[Round "3"]
[White "Sowka, Patrick"]
[Black "Henning, Marvin"]
[Result "0-1"]
[Termination "normal"]
[Board "3.3"]
[WhiteElo "1686"]
[BlackElo "1935"]
[WhiteTeam "FC Ergolding"]
[BlackTeam "Reideburger SV 90 Halle"]
[PlyCount "36"]
[WhiteFideId "16234944"]
[BlackFideId "12957399"]
[EventCountry "GER"]
[EventRounds "7"]
[EventType "team-swiss"]
[EventDate "2016.12.26"]

1. d4 b5 2. e4 Bb7 3. Bd3 e6 4. Nf3 a6 5. O-O Nf6 6. Bg5 Be7 7. Nbd2 d6 8. Rc1
c5 9. c4 bxc4 10. Rxc4 O-O 11. b3 Nc6 12. dxc5 dxc5 13. Qe2 Nd7 14. Be3 a5 15.
Rc2 Nb4 16. Rb2 Bf6 17. Rbb1 Nxa2 18. Nc4 Nc3 0-1

[Event "DVM U14 2016"]
[Site "Düsseldorf GER"]
[Date "2016.12.28"]
[Round "3"]
[White "Seidel, Arne-Christian"]
[Black "Kühne, Maria"]
[Result "1-0"]
[Termination "normal"]
[Board "3.4"]
[WhiteElo "1487"]
[BlackElo "1721"]
[WhiteTeam "Reideburger SV 90 Halle"]
[BlackTeam "FC Ergolding"]
[PlyCount "103"]
[WhiteFideId "16235142"]
[BlackFideId "12997412"]
[EventCountry "GER"]
[EventRounds "7"]
[EventType "team-swiss"]
[EventDate "2016.12.26"]

1. e4 Nc6 2. Nf3 Nf6 3. e5 Nd5 4. c4 Nb6 5. d4 d6 6. exd6 exd6 7. Be2 Be7 8.
O-O O-O 9. Nc3 Bf5 10. a3 Bf6 11. b3 Qd7 12. Bb2 Rad8 13. d5 Ne5 14. Nd4 Bg6
15. f4 Nd3 16. Bxd3 Bxd4+ 17. Kh1 Bxd3 18. Qxd3 Bf6 19. Rab1 Ra8 20. Ne4 Bxb2
21. Ng5 g6 22. Rxb2 h6 23. Ne4 f5 24. Nc3 Qg7 25. g4 Kh7 26. Rg2 Qf6 27. Nb5
Rf7 28. Nd4 Nd7 29. Re1 Nc5 30. Qd1 Rg8 31. g5 Qg7 32. Ne6 Nxe6 33. Rxe6 h5 34.
Rge2 Rgf8 35. Qe1 Rd7 36. Kg2 Rdf7 37. Kg3 a5 38. Qxa5 b6 39. Qe1 Kh8 40. Qd2
Kh7 41. b4 Qa1 42. Qe3 Qg7 43. c5 bxc5 44. bxc5 dxc5 45. Qxc5 Rd8 46. R2e5 Rdf8
47. a4 Kg8 48. a5 Rd8 49. a6 Rfd7 50. Re8+ Rxe8 51. Rxe8+ Kh7 52. a7 1-0

[Event "DVM U14 2016"]
[Site "Düsseldorf GER"]
[Date "2016.12.28"]
[Round "3"]
[White "Krastev, Alexander"]
[Black "Engel, Luis"]
[Result "0-1"]
[Termination "normal"]
[Board "4.1"]
[WhiteElo "1961"]
[BlackElo "2371"]
[WhiteTeam "Biebertaler SF"]
[BlackTeam "Hamburger SK"]
[PlyCount "56"]
[WhiteFideId "12989983"]
[BlackFideId "12961523"]
[EventCountry "GER"]
[EventRounds "7"]
[EventType "team-swiss"]
[EventDate "2016.12.26"]

1. e4 c5 2. Nc3 a6 3. Nf3 d6 4. g3 Nc6 5. Bg2 g6 6. O-O Bg7 7. d3 e6 8. Be3 Nd4
9. Qd2 Ne7 10. Rae1 O-O 11. Nd1 Nec6 12. Nxd4 cxd4 13. Bh6 Bxh6 14. Qxh6 Nb4
15. Qd2 Nxa2 16. c3 Qb6 17. Qc2 Bd7 18. e5 dxe5 19. Rxe5 Rac8 20. Qd2 Bc6 21.
Bh3 Bf3 22. c4 Nb4 23. Rfe1 Nc6 24. Rg5 Kg7 25. Bg4 h6 26. Bxf3 hxg5 27. Qxg5
Qa5 28. Qxa5 Nxa5 0-1

[Event "DVM U14 2016"]
[Site "Düsseldorf GER"]
[Date "2016.12.28"]
[Round "3"]
[White "Holinka, Henning"]
[Black "Grunwald, Jonathan"]
[Result "1-0"]
[Termination "normal"]
[Board "4.2"]
[WhiteElo "2034"]
[BlackElo "1526"]
[WhiteTeam "Hamburger SK"]
[BlackTeam "Biebertaler SF"]
[PlyCount "47"]
[WhiteFideId "12967084"]
[BlackFideId "12955744"]
[EventCountry "GER"]
[EventRounds "7"]
[EventType "team-swiss"]
[EventDate "2016.12.26"]

1. e4 e5 2. Nf3 Nc6 3. Bc4 Bc5 4. c3 Nf6 5. d3 O-O 6. O-O d5 7. exd5 Nxd5 8.
Nbd2 Re8 9. Re1 Bg4 10. h3 Bh5 11. Ne4 Bb6 12. Ng3 Bg6 13. Bb5 Nf4 14. d4 f6
15. Bxf4 exf4 16. Ne2 Qd6 17. Qd2 a6 18. Bc4+ Kf8 19. Qxf4 Qd7 20. Ng3 Ne7 21.
Ne5 Qc8 22. Ng4 Ng8 23. Re5 c5 24. Rxe8+ 1-0

[Event "DVM U14 2016"]
[Site "Düsseldorf GER"]
[Date "2016.12.28"]
[Round "3"]
[White "Engert, Kiyan"]
[Black "Engel, Robert"]
[Result "0-1"]
[Termination "normal"]
[Board "4.3"]
[WhiteElo "1472"]
[BlackElo "1812"]
[WhiteTeam "Biebertaler SF"]
[BlackTeam "Hamburger SK"]
[PlyCount "92"]
[WhiteFideId "16214870"]
[BlackFideId "12974684"]
[EventCountry "GER"]
[EventRounds "7"]
[EventType "team-swiss"]
[EventDate "2016.12.26"]

1. d4 c5 2. d5 d6 3. Nc3 g6 4. Nf3 Bg7 5. e4 a6 6. a4 e6 7. Bc4 e5 8. O-O Ne7
9. Re1 O-O 10. Be3 f5 11. Bxc5 Qc7 12. Ba3 Qxc4 13. Bxd6 Re8 14. exf5 Nxf5 15.
Bxe5 Bxe5 16. Nxe5 Qc7 17. Nf3 Bd7 18. Ne4 Rf8 19. Qd3 Nd6 20. Nfg5 Bf5 21. Qg3
Ne8 22. Qb3 Kh8 23. d6 Nxd6 24. Nxd6 Qxd6 25. Nf7+ Rxf7 26. Qxf7 Nc6 27. Rad1
Qb4 28. Qf6+ Kg8 29. Re3 Rf8 30. Qc3 Qxa4 31. Qb3+ Qxb3 32. cxb3 Kf7 33. h3 Re8
34. Rde1 Rxe3 35. Rxe3 Be6 36. Rc3 Ke7 37. Kf1 Kd6 38. Ke1 a5 39. Rd3+ Ke5 40.
Re3+ Kd5 41. Rd3+ Nd4 42. Kd2 Kc5 43. Rc3+ Kb4 44. Rc7 Nxb3+ 45. Kd1 b5 46.
Rxh7 Nc5 0-1

[Event "DVM U14 2016"]
[Site "Düsseldorf GER"]
[Date "2016.12.28"]
[Round "3"]
[White "Foo, Tzun Hong"]
[Black "Limpert, Tillmann"]
[Result "1-0"]
[Termination "normal"]
[Board "4.4"]
[WhiteElo "1788"]
[BlackElo "1486"]
[WhiteTeam "Hamburger SK"]
[BlackTeam "Biebertaler SF"]
[PlyCount "67"]
[WhiteFideId "12974200"]
[BlackFideId "16213254"]
[EventCountry "GER"]
[EventRounds "7"]
[EventType "team-swiss"]
[EventDate "2016.12.26"]

1. e4 e5 2. Nf3 Nc6 3. Bb5 Nf6 4. O-O a6 5. Ba4 b5 6. Bb3 Bc5 7. Re1 O-O 8. c3
Bb7 9. d4 exd4 10. cxd4 Bb6 11. d5 Ne7 12. Bg5 Ne8 13. e5 d6 14. exd6 Nxd6 15.
Bxe7 Qd7 16. Bxf8 Rxf8 17. Nc3 Qf5 18. Re5 Qf6 19. Qe2 h6 20. Re1 Qf4 21. Qc2
Qf6 22. Ne4 Qd8 23. Nxd6 cxd6 24. Re7 Bc8 25. Qc6 Bg4 26. Re8 Bxf2+ 27. Kxf2
Qf6 28. Rxf8+ Kh7 29. Qe8 Bxf3 30. gxf3 Qh4+ 31. Kg1 Qg5+ 32. Kh1 Qf5 33. Rh8+
Kg6 34. Qe4 1-0

[Event "DVM U14 2016"]
[Site "Düsseldorf GER"]
[Date "2016.12.28"]
[Round "3"]
[White "Staufenberger, Philipp"]
[Black "von Estorff, Jacob"]
[Result "1-0"]
[Termination "normal"]
[Board "5.1"]
[WhiteElo "1793"]
[BlackElo "1885"]
[WhiteTeam "SG Königskinder Hohentübingen"]
[BlackTeam "Post SV Uelzen"]
[PlyCount "71"]
[WhiteFideId "12970883"]
[BlackFideId "12974501"]
[EventCountry "GER"]
[EventRounds "7"]
[EventType "team-swiss"]
[EventDate "2016.12.26"]

1. d4 d5 2. c4 e6 3. Nc3 Nf6 4. cxd5 exd5 5. Bg5 Be7 6. e3 O-O 7. Bd3 c6 8. Qc2
Nbd7 9. Nge2 Re8 10. O-O Nf8 11. Rae1 g6 12. f3 Ne6 13. Bh4 Ng7 14. h3 Bf5 15.
e4 dxe4 16. fxe4 Be6 17. Rf3 Nd7 18. Bxe7 Qxe7 19. Ng3 Qg5 20. Kh1 Nb6 21. e5
Qh4 22. Qf2 Nd5 23. Nce4 Rf8 24. a3 Nh5 25. Nxh5 Qxh5 26. Bc4 Qh6 27. Rf1 Rac8
28. Bxd5 cxd5 29. Nf6+ Kg7 30. Rf4 Qg5 31. h4 Qh6 32. g4 g5 33. Nh5+ Qxh5 34.
gxh5 gxf4 35. Qxf4 h6 36. Qg3+ 1-0

[Event "DVM U14 2016"]
[Site "Düsseldorf GER"]
[Date "2016.12.28"]
[Round "3"]
[White "Askerov, Imamali"]
[Black "Hofele, Mathis"]
[Result "1/2-1/2"]
[Termination "normal"]
[Board "5.2"]
[WhiteElo "1777"]
[BlackElo "1687"]
[WhiteTeam "Post SV Uelzen"]
[BlackTeam "SG Königskinder Hohentübingen"]
[PlyCount "85"]
[WhiteFideId "12974498"]
[BlackFideId "12963844"]
[EventCountry "GER"]
[EventRounds "7"]
[EventType "team-swiss"]
[EventDate "2016.12.26"]

1. e4 c5 2. Nf3 a6 3. d4 cxd4 4. Nxd4 Nf6 5. Nc3 e5 6. Nf5 d5 7. Ng3 d4 8. Nb1
Nc6 9. Bd3 Qc7 10. O-O Nb4 11. c3 Nxd3 12. Qxd3 Be6 13. cxd4 exd4 14. Qxd4 Rd8
15. Qc3 Qd7 16. Be3 Qa4 17. b3 Qb5 18. Nd2 Bb4 19. Qb2 Rd3 20. Rac1 O-O 21. Nf3
Rfd8 22. Nd4 Qd7 23. Nf3 Qe7 24. Qe2 Bg4 25. Bb6 R8d7 26. Rfd1 Rxd1+ 27. Rxd1
Rxd1+ 28. Qxd1 h6 29. Qd3 Qd7 30. Ne5 Qxd3 31. Nxd3 Bf8 32. f3 Be6 33. Kf2 Nd7
34. Be3 f6 35. Ne2 Nb8 36. Nd4 Bd7 37. Ne2 Nc6 38. Nc3 Nb4 39. Ke2 Kf7 40. Nxb4
Bxb4 41. Nd5 Bd6 42. g3 f5 43. Bd4 1/2-1/2

[Event "DVM U14 2016"]
[Site "Düsseldorf GER"]
[Date "2016.12.28"]
[Round "3"]
[White "Hurm, Moritz"]
[Black "Knüdel, Torben"]
[Result "0-1"]
[Termination "normal"]
[Board "5.3"]
[WhiteElo "1492"]
[BlackElo "1773"]
[WhiteTeam "SG Königskinder Hohentübingen"]
[BlackTeam "Post SV Uelzen"]
[PlyCount "50"]
[WhiteFideId "16235150"]
[BlackFideId "16208820"]
[EventCountry "GER"]
[EventRounds "7"]
[EventType "team-swiss"]
[EventDate "2016.12.26"]

1. e4 e6 2. d4 d5 3. exd5 exd5 4. c4 Nf6 5. Nc3 Be6 6. cxd5 Nxd5 7. Nf3 Be7 8.
Be3 Nd7 9. Be2 N7f6 10. O-O c6 11. a3 Qd7 12. Qc2 h6 13. Rfe1 O-O 14. Rad1 Rad8
15. Qa4 Qc7 16. h3 a6 17. Qc2 Nxe3 18. fxe3 Qg3 19. Kh1 Bd6 20. Ne4 Nxe4 21.
Qxe4 Rfe8 22. Qh4 Qxh4 23. Nxh4 Bg3 24. Nf3 Bxe1 25. Rxe1 Bd5 0-1

[Event "DVM U14 2016"]
[Site "Düsseldorf GER"]
[Date "2016.12.28"]
[Round "3"]
[White "Rothenberg, Nina"]
[Black "Hurm, Yannik"]
[Result "0-1"]
[Termination "normal"]
[Board "5.4"]
[WhiteElo "1400"]
[BlackElo "1450"]
[WhiteTeam "Post SV Uelzen"]
[BlackTeam "SG Königskinder Hohentübingen"]
[PlyCount "74"]
[WhiteFideId "16208943"]
[BlackFideId "16235169"]
[EventCountry "GER"]
[EventRounds "7"]
[EventType "team-swiss"]
[EventDate "2016.12.26"]

1. e4 c5 2. Nf3 a6 3. c3 e6 4. d4 d5 5. exd5 exd5 6. Be3 c4 7. Be2 Nf6 8. h3
Nc6 9. O-O Bd6 10. Qd2 Qc7 11. Re1 O-O 12. b3 b5 13. a4 Bf5 14. Nh4 Be6 15. Na3
b4 16. Nc2 Ne4 17. Qc1 Nxc3 18. bxc4 dxc4 19. Bf1 Ne4 20. Rd1 Bd5 21. Nf5 a5
22. Nxd6 Qxd6 23. Bf4 Qf6 24. g3 c3 25. Ne3 Bb3 26. Rd3 Nxd4 27. Ng4 Qb6 28.
Ne5 Rfd8 29. Be3 Qc5 30. Ng4 Nf3+ 31. Kh1 Qf5 32. Qb1 Be6 33. Qd1 Ned2 34.
Rxd8+ Rxd8 35. Qc1 Nb3 36. Qb1 Nxa1 37. Qxa1 Qc2 0-1

[Event "DVM U14 2016"]
[Site "Düsseldorf GER"]
[Date "2016.12.28"]
[Round "3"]
[White "Lohvinov, Petro"]
[Black "Schlangenotto, Niklas"]
[Result "1/2-1/2"]
[Termination "normal"]
[Board "6.2"]
[WhiteElo "1714"]
[BlackElo "1729"]
[WhiteTeam "SK München Südost"]
[BlackTeam "SK Blauer Springer Paderborn"]
[PlyCount "96"]
[WhiteFideId "14176661"]
[BlackFideId "16217560"]
[EventCountry "GER"]
[EventRounds "7"]
[EventType "team-swiss"]
[EventDate "2016.12.26"]

1. e4 e6 2. d4 d5 3. Nd2 c5 4. c3 Nf6 5. Bd3 cxd4 6. cxd4 dxe4 7. Nxe4 Bd7 8.
Nf3 Bc6 9. Nc3 Nbd7 10. Be3 Be7 11. O-O O-O 12. Bc2 Qa5 13. Qe2 Rfd8 14. Rfe1
Bd6 15. Ng5 Qc7 16. h3 h6 17. Nge4 Be7 18. Rad1 Rac8 19. Rc1 b6 20. Bd3 Qb8 21.
Nxf6+ Nxf6 22. Ba6 Bb7 23. Bxb7 Qxb7 24. Red1 Nd5 25. Qf3 Qa8 26. Nxd5 Rxd5 27.
Rxc8+ Qxc8 28. Rc1 Qd7 29. Qg3 Bd6 30. Qg4 Kh8 31. Qe2 Be7 32. Qc4 Bf6 33. Qc8+
Kh7 34. Qxd7 Rxd7 35. Rd1 Kg6 36. Kf1 Kf5 37. Ke2 Ke4 38. f3+ Kd5 39. Rc1 Rd6
40. Kd3 Rc6 41. Rc3 a6 42. Rxc6 Kxc6 43. Kc4 Be7 44. a4 Bd6 45. Bf2 b5+ 46.
axb5+ axb5+ 47. Kd3 Kd5 48. Bg1 Bf4 1/2-1/2

[Event "DVM U14 2016"]
[Site "Düsseldorf GER"]
[Date "2016.12.28"]
[Round "3"]
[White "Brockhoff, Moritz"]
[Black "Grunert, Friedrich"]
[Result "0-1"]
[Termination "normal"]
[Board "6.3"]
[WhiteElo "1818"]
[BlackElo "1795"]
[WhiteTeam "SK Blauer Springer Paderborn"]
[BlackTeam "SK München Südost"]
[PlyCount "116"]
[WhiteFideId "16214927"]
[BlackFideId "12995592"]
[EventCountry "GER"]
[EventRounds "7"]
[EventType "team-swiss"]
[EventDate "2016.12.26"]

1. d4 Nf6 2. c4 g6 3. Nc3 Bg7 4. e4 d6 5. Nf3 O-O 6. Be2 e5 7. d5 Nbd7 8. b4
Ne8 9. Nd2 f5 10. f3 f4 11. Nb3 Nb8 12. Ba3 b6 13. c5 a5 14. cxb6 cxb6 15. bxa5
bxa5 16. Rc1 Na6 17. Nb5 Nb4 18. Bxb4 axb4 19. Qd2 Ba6 20. Rc2 Bxb5 21. Bxb5
Nc7 22. Bc6 Rb8 23. Na5 Na6 24. Nb7 Qc7 25. Qd3 b3 26. Rc4 Rxb7 27. Bxb7 Qxb7
28. axb3 Nc5 29. Qc3 Qxb3 30. Qxb3 Nxb3 31. Rb4 Nd4 32. O-O g5 33. Rb6 Rf6 34.
Ra1 h5 35. Ra7 Bf8 36. Rbb7 g4 37. Kf2 Rg6 38. Rb8 g3+ 39. hxg3 fxg3+ 40. Ke3
h4 41. Rb1 Bh6+ 42. Kd3 Nxf3 43. gxf3 g2 44. f4 exf4 45. e5 dxe5 46. Rb8+ Bf8
47. Raa8 Rf6 48. Rb1 h3 49. Ra2 f3 50. d6 Rxd6+ 51. Ke3 Rf6 52. Kf2 h2 53. Raa1
e4 54. Kg3 g1=Q+ 55. Rxg1 hxg1=Q+ 56. Rxg1 Rg6+ 57. Kf2 Rxg1 58. Kxg1 Bc5+ 0-1

[Event "DVM U14 2016"]
[Site "Düsseldorf GER"]
[Date "2016.12.28"]
[Round "3"]
[White "Grunert, Wilhelm"]
[Black "Janke, Julian"]
[Result "0-1"]
[Termination "normal"]
[Board "6.4"]
[WhiteElo "1575"]
[BlackElo "1343"]
[WhiteTeam "SK München Südost"]
[BlackTeam "SK Blauer Springer Paderborn"]
[PlyCount "48"]
[WhiteFideId "12995673"]
[BlackFideId "16229185"]
[EventCountry "GER"]
[EventRounds "7"]
[EventType "team-swiss"]
[EventDate "2016.12.26"]

1. e4 d5 2. exd5 Qxd5 3. Nc3 Qd8 4. d4 Nf6 5. Nf3 e6 6. Be2 Be7 7. Bf4 a6 8.
O-O b6 9. Ne5 O-O 10. Bf3 Ra7 11. Qd2 Bb7 12. Bxb7 Rxb7 13. Qd3 Nd5 14. Nxd5
Qxd5 15. c4 Qd8 16. Qe4 Ra7 17. Rfd1 Bg5 18. d5 Qf6 19. dxe6 Bxf4 20. exf7+ Kh8
21. Rd5 Bxe5 22. Rxe5 Qxf7 23. Rd1 Qxf2+ 24. Kh1 Qf1+ 0-1

[Event "DVM U14 2016"]
[Site "Düsseldorf GER"]
[Date "2016.12.28"]
[Round "3"]
[White "Pfreundt, Mathis"]
[Black "Simukov, Erik"]
[Result "1-0"]
[Termination "normal"]
[Board "7.1"]
[WhiteElo "1898"]
[BlackElo "1769"]
[WhiteTeam "Königsspringer SC"]
[BlackTeam "SVG CAISSA Kassel"]
[PlyCount "71"]
[WhiteFideId "12967092"]
[BlackFideId "12995380"]
[EventCountry "GER"]
[EventRounds "7"]
[EventType "team-swiss"]
[EventDate "2016.12.26"]

1. e4 e5 2. Nf3 Nc6 3. Bb5 a6 4. Ba4 Nf6 5. O-O Be7 6. d3 b5 7. Bb3 d6 8. a3
O-O 9. Nc3 Bg4 10. Be3 Qd7 11. h3 Bh5 12. Nd5 Nxd5 13. Bxd5 Rad8 14. c4 Nd4 15.
Bxd4 exd4 16. cxb5 Qxb5 17. g4 Bg6 18. Nxd4 Qxb2 19. Nc6 Rde8 20. f4 h6 21. f5
Bh7 22. Nxe7+ Rxe7 23. Rb1 Qe5 24. Qf3 Ree8 25. Rb7 Rc8 26. Rc1 c5 27. Rcb1 Qc3
28. R7b3 Qa5 29. Qf4 Rfd8 30. Rb7 Qxa3 31. Rxf7 Qxd3 32. Rbb7 Qd4+ 33. Kg2 Kh8
34. f6 Bxe4+ 35. Bxe4 gxf6 36. Qxh6+ 1-0

[Event "DVM U14 2016"]
[Site "Düsseldorf GER"]
[Date "2016.12.28"]
[Round "3"]
[White "Wöllenstein, Sebastian"]
[Black "Kipke, Kevin"]
[Result "0-1"]
[Termination "normal"]
[Board "7.2"]
[WhiteElo "1752"]
[BlackElo "1623"]
[WhiteTeam "SVG CAISSA Kassel"]
[BlackTeam "Königsspringer SC"]
[PlyCount "116"]
[WhiteFideId "12974706"]
[BlackFideId "12988332"]
[EventCountry "GER"]
[EventRounds "7"]
[EventType "team-swiss"]
[EventDate "2016.12.26"]

1. e4 c5 2. Nc3 e6 3. Nf3 a6 4. d4 cxd4 5. Nxd4 Qc7 6. Be2 Nf6 7. f4 d6 8. O-O
Be7 9. Bf3 Nbd7 10. Re1 Rb8 11. Be3 b5 12. a3 Bb7 13. Qd2 O-O 14. Qf2 Rfd8 15.
Nb3 Rbc8 16. Rac1 Ba8 17. Kh1 Rb8 18. Rcd1 a5 19. e5 Bxf3 20. Qxf3 dxe5 21.
fxe5 Nxe5 22. Qg3 Bd6 23. Bf4 Nh5 24. Qg5 Nxf4 25. Qxf4 Nd3 26. Qh4 Nxe1 27.
Rxe1 Be7 28. Qh5 a4 29. Nc1 Qc6 30. Nd3 Bf6 31. Nb4 Qc4 32. Ne4 Be7 33. b3 axb3
34. cxb3 Qc8 35. Ng5 Bxg5 36. Qxg5 Ra8 37. Rc1 Qd7 38. h4 Rdc8 39. Rf1 Rxa3 40.
h5 h6 41. Qf4 Rxb3 42. Na6 Qb7 43. Qf2 Qxa6 44. Qxf7+ Kh8 45. Qg6 Qc6 46. Qg4
Qc4 47. Rf4 Rb1+ 48. Kh2 Qc5 49. Qf3 Rb4 50. Rf7 Rh4+ 51. Kg3 Qg5+ 52. Kf2 Rc2+
53. Kg1 Qc1+ 54. Qf1 Qe3+ 55. Rf2 Qxf2+ 56. Qxf2 Rxf2 57. Kxf2 Rxh5 58. g4 Rd5
0-1

[Event "DVM U14 2016"]
[Site "Düsseldorf GER"]
[Date "2016.12.28"]
[Round "3"]
[White "Samson, Valentin"]
[Black "Fromm, Nick"]
[Result "1-0"]
[Termination "normal"]
[Board "7.3"]
[WhiteElo "1577"]
[BlackElo "1527"]
[WhiteTeam "Königsspringer SC"]
[BlackTeam "SVG CAISSA Kassel"]
[PlyCount "67"]
[WhiteFideId "36020656"]
[BlackFideId "12958026"]
[EventCountry "GER"]
[EventRounds "7"]
[EventType "team-swiss"]
[EventDate "2016.12.26"]

1. e4 e6 2. d4 d5 3. Nc3 Bb4 4. exd5 exd5 5. Bd3 Nc6 6. Nf3 Bg4 7. a3 Ba5 8.
Be3 Nf6 9. O-O O-O 10. Be2 a6 11. b4 Bb6 12. Na4 Ba7 13. Nc5 Rb8 14. Rc1 a5 15.
c3 Bxc5 16. dxc5 axb4 17. cxb4 Ra8 18. Ra1 Ne4 19. Qc2 Qf6 20. b5 Bxf3 21. Bxf3
Na5 22. Bxe4 dxe4 23. Qxe4 Rfd8 24. Rfd1 Nb3 25. Rxd8+ Qxd8 26. Re1 Rxa3 27.
Bc1 Ra8 28. Qxb7 Ra1 29. Qxc7 Qa8 30. Qf4 Rxc1 31. Rxc1 Nxc1 32. Qxc1 Qa5 33.
c6 Qc7 34. b6 1-0

[Event "DVM U14 2016"]
[Site "Düsseldorf GER"]
[Date "2016.12.28"]
[Round "3"]
[White "Krömer, Alexander"]
[Black "Kipke, Mark"]
[Result "1-0"]
[Termination "normal"]
[Board "7.4"]
[WhiteElo "1564"]
[BlackElo "1568"]
[WhiteTeam "SVG CAISSA Kassel"]
[BlackTeam "Königsspringer SC"]
[PlyCount "88"]
[WhiteFideId "12974676"]
[BlackFideId "16217616"]
[EventCountry "GER"]
[EventRounds "7"]
[EventType "team-swiss"]
[EventDate "2016.12.26"]

1. e4 c5 2. Nc3 Nc6 3. Bb5 g6 4. Bxc6 bxc6 5. Nge2 d5 6. d3 Bg7 7. O-O e6 8. f4
Ne7 9. Qe1 O-O 10. e5 Bb7 11. b3 Qd7 12. Na4 Qc7 13. Kh1 c4 14. d4 cxb3 15.
cxb3 Rfc8 16. Nc5 a5 17. Bd2 Ba6 18. Bxa5 Qb8 19. Nxa6 Rxa6 20. Bb4 Nf5 21. Qc3
Ne3 22. Bd6 Qa7 23. Qxe3 Rxa2 24. Rxa2 Qxa2 25. Nc1 Qa6 26. Qd3 Qa1 27. Rd1 h5
28. b4 Bh6 29. g3 Kg7 30. Nb3 Qa8 31. Ra1 Qb7 32. Qa6 Qd7 33. Rc1 Qd8 34. b5 h4
35. Qb7 hxg3 36. Be7 Rb8 37. Bf6+ Kg8 38. Bxd8 Rxb7 39. bxc6 Rxb3 40. Bg5 Bxg5
41. c7 Bxf4 42. c8=Q+ Kg7 43. Rf1 Bg5 44. Qc7 Rb2 1-0

[Event "DVM U14 2016"]
[Site "Düsseldorf GER"]
[Date "2016.12.28"]
[Round "3"]
[White "Righi, Sofian"]
[Black "Faßhauer, Jacob"]
[Result "1/2-1/2"]
[Termination "normal"]
[Board "8.1"]
[WhiteElo "1760"]
[BlackElo "1890"]
[WhiteTeam "Düsseldorfer SK"]
[BlackTeam "SG Leipzig"]
[PlyCount "52"]
[WhiteFideId "12987581"]
[BlackFideId "12990167"]
[EventCountry "GER"]
[EventRounds "7"]
[EventType "team-swiss"]
[EventDate "2016.12.26"]

1. d4 Nf6 2. c4 g6 3. Nc3 Bg7 4. e4 d6 5. f3 O-O 6. Be3 Nc6 7. Nge2 a6 8. Qd2
Na5 9. Ng3 b5 10. cxb5 axb5 11. Qc2 c6 12. b4 Nc4 13. Bxc4 bxc4 14. O-O Nd7 15.
Rfd1 Ba6 16. a4 e6 17. f4 Bh6 18. Qf2 f5 19. e5 d5 20. Rdb1 Nb6 21. Qd2 Qc7 22.
Ra2 Ra7 23. Rba1 Rfa8 24. b5 cxb5 25. Nxb5 Bxb5 26. axb5 Bf8 1/2-1/2

[Event "DVM U14 2016"]
[Site "Düsseldorf GER"]
[Date "2016.12.28"]
[Round "3"]
[White "Enxing, Philemon"]
[Black "Kostenko, Peter Alexander"]
[Result "1-0"]
[Termination "normal"]
[Board "8.2"]
[WhiteElo "1460"]
[BlackElo "1220"]
[WhiteTeam "SG Leipzig"]
[BlackTeam "Düsseldorfer SK"]
[PlyCount "57"]
[WhiteFideId "16217632"]
[BlackFideId "16235177"]
[EventCountry "GER"]
[EventRounds "7"]
[EventType "team-swiss"]
[EventDate "2016.12.26"]

1. e4 e5 2. Nf3 Nf6 3. Nc3 Bb4 4. Bc4 Bxc3 5. dxc3 d6 6. O-O O-O 7. Re1 h6 8.
h3 b6 9. b4 Bb7 10. Qd3 Qe7 11. Ba3 Rd8 12. Rad1 Nbd7 13. Nh4 g6 14. Nxg6 Qe8
15. Nh4 Kh8 16. Bc1 Qf8 17. Nf5 Ng8 18. Qg3 Ngf6 19. Qh4 h5 20. Bg5 Nh7 21.
Bxd8 Rxd8 22. Bxf7 Ndf6 23. Bxh5 Rd7 24. Bf3 d5 25. exd5 Nxd5 26. Rxe5 Qf7 27.
Nh6 Qg7 28. Re8+ Nf8 29. Nf5+ 1-0

[Event "DVM U14 2016"]
[Site "Düsseldorf GER"]
[Date "2016.12.28"]
[Round "3"]
[White "Wiedenbruch, Paul"]
[Black "Liedtke, Sebastian"]
[Result "1/2-1/2"]
[Termination "normal"]
[Board "8.3"]
[WhiteElo "1407"]
[BlackElo "1454"]
[WhiteTeam "Düsseldorfer SK"]
[BlackTeam "SG Leipzig"]
[PlyCount "84"]
[WhiteFideId "16207343"]
[BlackFideId "16217667"]
[EventCountry "GER"]
[EventRounds "7"]
[EventType "team-swiss"]
[EventDate "2016.12.26"]

1. e4 e6 2. d4 d5 3. exd5 exd5 4. Nf3 Bd6 5. c4 Nf6 6. Nc3 c6 7. Bg5 Be6 8. Bd3
Nbd7 9. b3 O-O 10. O-O Qc7 11. Re1 Rfe8 12. Rc1 Qa5 13. c5 Be7 14. Bd2 Qc7 15.
b4 b6 16. Be3 b5 17. a4 a6 18. a5 Bg4 19. Be2 Bf8 20. h3 Bf5 21. Bd3 Ne4 22.
Bxe4 Bxe4 23. Nxe4 Rxe4 24. Ng5 Re7 25. Qf3 Nf6 26. Bf4 Qd7 27. Be5 Ne8 28. Bg3
Nc7 29. Qf4 Ne6 30. Nxe6 Rxe6 31. Rxe6 Qxe6 32. Qe5 Qxe5 33. Bxe5 Re8 34. f3 g6
35. Kf2 Bg7 36. Bxg7 Kxg7 37. Rc3 g5 38. Re3 Rxe3 39. Kxe3 Kg6 40. f4 f6 41.
fxg5 fxg5 42. g3 h6 1/2-1/2

[Event "DVM U14 2016"]
[Site "Düsseldorf GER"]
[Date "2016.12.28"]
[Round "3"]
[White "Triantafillidis, Simeon"]
[Black "Wolf, Philipp"]
[Result "0-1"]
[Termination "normal"]
[Board "9.1"]
[WhiteElo "1656"]
[BlackElo "1713"]
[WhiteTeam "SF HN-Biberach"]
[BlackTeam "SG Blau-Weiß Stadtilm"]
[PlyCount "88"]
[WhiteFideId "12953113"]
[BlackFideId "12958948"]
[EventCountry "GER"]
[EventRounds "7"]
[EventType "team-swiss"]
[EventDate "2016.12.26"]

1. e4 c5 2. Nf3 e6 3. d4 cxd4 4. Nxd4 Nc6 5. Nb5 d6 6. c4 a6 7. N5c3 Nf6 8. Be3
Be7 9. Be2 O-O 10. O-O Qc7 11. Nd2 b6 12. Rc1 Bb7 13. a3 Rfd8 14. Na4 Nd7 15.
b4 Nce5 16. f3 Rac8 17. Nb3 h6 18. Qe1 Ng6 19. Kh1 Bg5 20. Bxg5 hxg5 21. Qd2 f6
22. Nd4 Kf7 23. Qa2 Nf4 24. Nc3 Rh8 25. g3 Nxe2 26. Ncxe2 Nf8 27. Rc2 Qb8 28.
Rfc1 g4 29. c5 dxc5 30. bxc5 bxc5 31. Rxc5 gxf3 32. Rxc8 Bxc8 33. Nf4 g5 34.
Nc6 Qd6 35. Na7 Bb7 36. e5 Qxe5 37. Qc2 f2+ 38. Nc6 Qe1+ 39. Rxe1 fxe1=Q+ 40.
Kg2 gxf4 41. g4 Bxc6+ 42. Qxc6 Qe2+ 43. Kg1 Qxh2+ 44. Kf1 Qh1+ 0-1